| 000 | 00514nam a22001937a 4500 | ||
|---|---|---|---|
| 003 | KOHA_MİRAKIL | ||
| 005 | 20250926155906.0 | ||
| 008 | 250926b tu ||||| |||| 00| 0 tur d | ||
| 020 | _a9789752210530 | ||
| 040 |
_aTR-AnABB _btur _cTR-AnABB |
||
| 041 | _atur | ||
| 082 |
_a892.7336 _bAMI 2021 |
||
| 100 | 1 | _aAmir, Tag Elsir, | |
| 245 | 1 | 0 |
_aLarva avcısı / _cTag Elsir Amir |
| 260 |
_aAnkara : _bBilgi Yayınevi, _c2021 |
||
| 300 |
_a143 sayfa ; _c21 cm |
||
| 650 | 0 | 4 | _aABB124433 |
| 942 |
_2ddc _cBK |
||
| 999 |
_c8930 _d8930 |
||
| 900 | _bGizem YORULMAZ | ||